Colección Documentos /
Salvato in:
| Natura: | Libro |
|---|---|
| Lingua: | Spanish |
| Pubblicazione: |
San José, Costa Rica :
Ministerio de Cultura, Juventud y Deportes. Centro Nacional para el Desarrollo de la mujer y la familia
|
| Soggetti: | |
| Tags: |
Aggiungi Tag
Nessun Tag, puoi essere il primo ad aggiungerne!!
|
MARC
| LEADER | 00000nam a22000007a 4500 | ||
|---|---|---|---|
| 003 | cru CIDCACS/IIS | ||
| 005 | 20240110155537.0 | ||
| 007 | ta | ||
| 008 | 231130b |||||||| |||| 00| 0 spa d | ||
| 040 | |c cru CIDCACS/IIS | ||
| 090 | |a REV1223 | ||
| 245 | |a Colección Documentos / |c Ministerio de Cultura, Juventud y Deportes. Centro Nacional para el Desarrollo de la mujer y la familia | ||
| 260 | |a San José, Costa Rica : |b Ministerio de Cultura, Juventud y Deportes. Centro Nacional para el Desarrollo de la mujer y la familia | ||
| 270 | |a 100 m. oeste ICE San Pedro de Montes de Oca, |e Apdo. 49-2015, |b San Pedro de Montes de Oca, |c San José, |d Costa Rica | ||
| 500 | |a EXISTENCIAS : 1994 (2-4) 1995 (1, 6) 1996 (11) 1997 (15) | ||
| 500 | |a Colección Centroamérica | ||
| 650 | 1 | 0 | |a MUJERES |9 88 |
| 650 | 1 | 0 | |a FAMILIA |9 91 |
| 651 | 1 | 0 | |9 32 |a COSTA RICA |
| 942 | |2 ddc |c PP | ||
| 999 | |c 45382 |d 45382 | ||
